000 00815nam a2200253Ia 4500
003 OSt
005 20220923220742.0
006 a|||||r|||| 00| 0
007 ta
008 220922b |||||||| |||| 00| 0 hin d
024 _a189,976
037 _cTextual
040 _aARTS
_cARTS
_bhin
041 _2hin
_ahin
082 _aO152,2N495,NR, N0
100 _aवशिष्ठ, सुदर्शन
_9156271
245 0 _aनदी और रेत
246 _aNadī aur reta
260 _aदिल्ली
_b हिमाचल पुस्तक भण्डार
_c1990
300 _a70पृ.
_ccm.
650 _aहिन्दी साहित्य
_9156264
942 _hO152,2N495,NR, N0
_cTEXL
_2CC
999 _c342787
_d342787